| 000 | 00502nam a2200205 a 4500 | ||
|---|---|---|---|
| 999 |
_c4257 _d4257 |
||
| 001 | 4257 | ||
| 003 | BD-JhCC | ||
| 005 | 20171125182358.0 | ||
| 008 | 171119s1964 uk |||| ||a| 000 0 eng d | ||
| 035 | _a(BD-JhCC) | ||
| 040 |
_aBD-JhCC _dBD-JhCC |
||
| 041 | _aeng | ||
| 082 |
_a823.914 _bWHY 1964 |
||
| 100 | _aWhyte, Ruth | ||
| 245 |
_aHamid's Holiday / _cRuth Whyte |
||
| 260 |
_aLondon : _bOxford University Press, _c1964 |
||
| 300 |
_a57 p. : _c18 cm. |
||
| 650 | _aShort stories | ||
| 942 |
_2ddc _cBK |
||